000 00655nam a22002297a 4500
005 20151215095414.0
008 091209s2011 nyu 001 0 eng
020 _a9780077331399
020 _a0077331397
041 0 _aeng
080 _a004
100 1 _aO'Leary, Timothy J.,
_d1947-
245 1 0 _aComputing essentials 2011 :
_cTimothy J. O'Leary, Linda I. O'Leary.
250 _aIntroductory ed.
260 _aNew York :
_bMcGraw-Hill,
_c2011.
300 _a389 f.:
_bme il.;
_c27 cm.
505 _aIndex: f. 381 - 389
650 0 _aKompjuterat
650 0 _aElektronika
700 1 _aO'Leary, Linda I.
942 _2udc
_cBK
999 _c785
_d785